000
00319nam a2200133Ia 4500
008
230917s9999||||xx |||||||||||||| ||und||
040
_e
92420
_a
MAIN
041
_a
English
082
_a
615.842 K167C
100
_a
Kaushal, Sanjiv
245
0
_a
C+ spectrumin young patients of stroke
300
_a
102 p.
942
_c
TH
999
_c
86470
_d
86470